Úlohy klinickej biochémie po 17. zjazde KSČ

Bibliographic Details
Main Author: Valovičová, Eva, 1937- (Author)
Format: Article
Language:Slovak
Subjects:

MARC

LEADER 00000nab a2200000 a 4500
001 vtls000283015
003 SK-MaSNL
005 20260304061517.0
008 250422c1987 xo 0 slo
015 |a SNBRB19rr/mm-uuuuu 
035 |a CL0293133 
035 |a urn:nbn:sk:snk-abd0vc 
035 |a (urnnbn)urn:nbn:sk:snk:ar-007jam 
035 |a (uuid)798e11dd-4b70-487f-8b15-3525fb4ead80 
040 |a SNKBUCL  |b slo  |c SNKBUCL  |e AACR2 
041 0 |a slo 
044 |a xo  |c SK 
080 |a 616-07:577  |2 1981 
080 |a 577  |2 1981 
100 1 |a Valovičová, Eva,  |d 1937-  |4 aut  |9 7992 
245 1 0 |a Úlohy klinickej biochémie po 17. zjazde KSČ  |c Eva Valovičová 
650 0 7 |a klinická biochémia  |2 snkbucl  |9 69505 
655 7 |a články z novín a časopisov  |2 snkbucl  |9 267496 
773 0 |t Biochemia clinica bohemoslovaca  |g Roč. 16, č. 1 (1987), s. 1-3 
850 |a Slovenská národná knižnica 
852 |a Slovenská národná knižnica 
954 |a odborná, vedecká literatúra pôvodná (slovenská)  |2 lita 
958 |a article17 
958 |a RK 
958 |a OND 
958 |a EUIPO 
992 |a RBX 
999 |c 2733421  |d 2735351